Carlos María Ocantos, argentine novelist (Record no. 23810)

MARC details
000 -LEADER
campo de control de longitud fija 00727nam a2200205 i 4500
001 - NÚMERO DE CONTROL
campo de control 23810
003 - IDENTIFICADOR DE NÚMERO DE CONTROL
campo de control ES-MaACL
005 - FECHA Y HORA DE LA ÚLTIMA TRANSACCIÓN
campo de control 20230906152934.0
007 - CAMPO FIJO DE DESCRIPCIÓN FÍSICA--INFORMACIÓN GENERAL
campo de control de longitud fija t|
008 - DATOS DE LONGITUD FIJA--INFORMACIÓN GENERAL
campo de control de longitud fija 021212s1934 xxu ||||1| eng d
100 1# - ENTRADA PRINCIPAL--NOMBRE DE PERSONA
Nombre de persona Anderson, Theodore.
9 (RLIN) 21473
245 10 - MENCIÓN DEL TÍTULO
Título Carlos María Ocantos, argentine novelist
Resto del título : a study of indigenous french and spanish elements in his work /
Mención de responsabilidad, etc. by Theodore Anderson.
260 ## - PUBLICACIÓN, DISTRIBUCIÓN, ETC.
Lugar de publicación, distribución, etc. New Haven :
Nombre del editor, distribuidor, etc. Yale University Press,
Fecha de publicación, distribución, etc. 1934 (
Lugar de fabricación/manufactura Paris :
Fabricante Firmin Didot)
300 ## - DESCRIPCIÓN FÍSICA
Extensión XII, 136 p. :
Otras características físicas 1 retr. ;
Dimensiones 24 cm.
490 1# - MENCIÓN DE SERIE
Mención de serie Yale Romanie Studies ;
Designación de volumen o secuencia 8
600 04 - PUNTO DE ACCESO ADICIONAL DE MATERIA--NOMBRE DE PERSONA
Nombre de persona Ocantos, Carlos María.
9 (RLIN) 86453
830 0# - PUNTO DE ACCESO ADICIONAL DE SERIE-TÍTULO UNIFORME
Título uniforme Yale Romanie Studies ;
Designación de volumen o secuencia 8
9 (RLIN) 229056
852 ## - LOCALIZACIÓN
Ubicación ES-MaACL
Número de control de estantería A-2923
Holdings
Estatus retirado Estado de pérdida Estado de daño No para préstamo Biblioteca de origen Biblioteca actual Ubicación en estantería Fecha de adquisición Fuente de adquisición Total de préstamos Signatura topográfica completa Código de barras Visto por última vez Precio de reemplazo Tipo de ítem Koha
        Biblioteca del Ateneo de Madrid Biblioteca del Ateneo de Madrid Sala Pecera Planta 1 17/01/2008     A-2923 1024539 23/02/2023 23/02/2023 Libro impreso